Cabildo honorario de la Catedral de Santo Domingo / (Record no. 14878)
[ view plain ]
| 000 -LEADER | |
|---|---|
| campo de control de longitud fija | 00773cam a22002297a 4500 |
| 001 - NÚMERO DE CONTROL | |
| campo de control | 34627 |
| 005 - FECHA Y HORA DE LA ÚLTIMA TRANSACCIÓN | |
| campo de control | 20230410101836.0 |
| 008 - DATOS DE LONGITUD FIJA--INFORMACIÓN GENERAL | |
| campo de control de longitud fija | 860820s1986 dr a 000 0 spa |
| 035 ## - NÚMERO DE CONTROL DEL SISTEMA | |
| -- | (DLC) 86196409 |
| 035 ## - NÚMERO DE CONTROL DEL SISTEMA | |
| Número de control de sistema | 1942511 |
| 010 ## - NÚMERO DE CONTROL DE LA BIBLIOTECA DEL CONGRESO | |
| Número de control de LC | 86196409 |
| 040 ## - FUENTE DE CATALOGACIÓN | |
| Centro catalogador/agencia de origen | DLC |
| Centro/agencia transcriptor | DLC |
| 050 14 - SIGNATURA TOPOGRÁFICA DE LA BIBLIOTECA DEL CONGRESO | |
| Número de clasificación | 118 BX 1459 |
| Número de ítem | B446c 1986 |
| 100 2# - ENTRADA PRINCIPAL--NOMBRE DE PERSONA | |
| Nombre de persona | Bello Peguero, Rafael, |
| Fechas asociadas al nombre | 1932- |
| 245 10 - MENCIÓN DEL TÍTULO | |
| Título | Cabildo honorario de la Catedral de Santo Domingo / |
| Mención de responsabilidad, etc. | Rafael Bello Peguero. |
| 260 ## - PUBLICACIÓN, DISTRIBUCIÓN, ETC. | |
| Lugar de publicación, distribución, etc. | Santo Domingo, República Dominicana : |
| Nombre del editor, distribuidor, etc. | Editora Amigo del Hogar, |
| Fecha de publicación, distribución, etc. | 1986. |
| 300 ## - DESCRIPCIÓN FÍSICA | |
| Extensión | 172 p. : |
| Otras características físicas | ill. ; |
| Dimensiones | 22 cm. |
| 651 #0 - PUNTO DE ACCESO ADICIONAL DE MATERIA--NOMBRE GEOGRÁFICO | |
| Nombre geográfico | Dominican Republic |
| Subdivisión general | Church history |
| Subdivisión de forma | Sources. |
| 610 20 - PUNTO DE ACCESO ADICIONAL DE MATERIA--NOMBRE DE ENTIDAD CORPORATIVA | |
| Nombre de entidad corporativa o nombre de jurisdicción como elemento de entrada | Catholic Church. |
| Unidad subordinada | Province of Santo Domingo (Dominican Republic) |
| Subdivisión general | History |
| Subdivisión de forma | Sources. |
| 942 ## - ELEMENTOS DE ENTRADA SECUNDARIOS (KOHA) | |
| Fuente del sistema de clasificación o colocación | Clasificación de Library of Congress |
| Tipo de ítem Koha | |
| 922 ## - | |
| -- | ap |
| Estatus retirado | Estado de pérdida | Fuente del sistema de clasificación o colocación | Estado de daño | No para préstamo | Colección | Biblioteca de origen | Biblioteca actual | Ubicación en estantería | Fecha de adquisición | Serial enumeration / chronology | Signatura topográfica completa | Código de barras | Visto por última vez | Copia número | Tipo de ítem Koha |
|---|---|---|---|---|---|---|---|---|---|---|---|---|---|---|---|
| Clasificación de Library of Congress | Recursos Regionales | Biblioteca Juan Bosch | Biblioteca Juan Bosch | Recursos Regionales (2do. Piso) | 10/04/2023 | 1 | 118 BX 1459 B446c 1986 | 00000036740 | 23/10/2018 | 1 |
